00503nam a2200229Ia 450000500170000000800460001702000180006303700100008104000080009104000080009904000080010704100080011504100080012308400080013110000160013924500220015525000060017726000120018326000090019565000150020485600540021920260401125711.0008 300114s9999 xx 000 0 eng d a9788122457384 aEBOOK aCRL beng cCRL 2eng aeng qCRL aSingh, B.P. 0aBasic Electronics a2 bNew Age c2021 aElectrical uhttps://digital.elib4u.com/product-details/366389